| 000 | 00440nam a2200193Ia 4500 | ||
|---|---|---|---|
| 005 | 20250425160912.0 | ||
| 008 | 250425s9999 xx 000 0 und d | ||
| 020 | _a8423406091 | ||
| 041 | _aspa | ||
| 082 | _a152.454 | ||
| 100 | _aMILLS, JAMES WILLARD | ||
| 245 | 0 | _aCOMO SUPERAR EL STRESS | |
| 250 | _a1A ED. | ||
| 260 | _aBILBAO | ||
| 260 |
_aEspaƱa _bEDICIONES DEUSTO _c1950 |
||
| 300 | _a180 | ||
| 942 | _c01 | ||
| 010 | _a7945 | ||
| 999 |
_c198489 _d198489 |
||